Loading...
History - World History | 3 | 1 | 1 | 0 | 50 | 67 | 81.75 | 0 | 1 |
History - Other History | 0 | 5 | 1 | 1 | 45 | 74 | 97.20 | 0 | 3 |
History - European History | 1 | 3 | 1 | 1 | 40 | 65 | 99.25 | 0 | 1 |
Social Science | 1 | 3 | 2 | 2 | 35 | 15 | 90.75 | 1 | 2 |
Science - Other Science | 0 | 4 | 1 | 1 | 35 | 86 | 114.25 | 0 | 2 |
History - American History | 1 | 2 | 1 | 0 | 30 | 19 | 68.00 | 1 | 2 |
Literature - World Literature | 0 | 3 | 0 | 0 | 30 | 95 | 127.67 | 0 | 0 |
Literature - American Literature | 1 | 1 | 0 | 0 | 25 | 53 | 93.50 | 0 | 1 |
Fine Arts - Visual Fine Arts | 1 | 1 | 0 | 0 | 25 | 68 | 89.50 | 0 | 1 |
Current Events | 1 | 1 | 1 | 0 | 20 | 54 | 62.00 | 1 | 2 |
Fine Arts - Auditory Fine Arts | 0 | 2 | 0 | 0 | 20 | 109 | 124.50 | 0 | 0 |
Geography | 0 | 2 | 0 | 1 | 20 | 75 | 91.00 | 0 | 2 |
Other Academic | 0 | 2 | 0 | 0 | 20 | 90 | 108.50 | 0 | 0 |
Religion | 1 | 1 | 1 | 0 | 20 | 29 | 60.50 | 1 | 2 |
Science - Biology | 0 | 2 | 0 | 1 | 20 | 99 | 105.50 | 0 | 1 |
Science - Physics | 0 | 2 | 0 | 1 | 20 | 72 | 101.00 | 0 | 2 |
Fine Arts - Other Fine Arts | 0 | 1 | 0 | 1 | 10 | 119 | 119.00 | 0 | 0 |
Literature - European Literature | 0 | 1 | 0 | 0 | 10 | 135 | 135.00 | 0 | 0 |
Mythology | 0 | 1 | 0 | 0 | 10 | 104 | 104.00 | 0 | 1 |
Science - Chemistry | 0 | 1 | 0 | 0 | 10 | 106 | 106.00 | 0 | 0 |
Philosophy | 0 | 1 | 0 | 0 | 10 | 64 | 64.00 | 0 | 1 |
Literature - British Literature | 0 | 1 | 1 | 0 | 5 | 128 | 128.00 | 0 | 0 |